Earning des joueurs Fortnite depuis leur début - Statistiques

Statistiques générales
  • Ce quiz a été pris 181 fois
  • Le résultat moyen est 4 sur 8
Statistiques - réponses
Question Réponse % Correct
Tayson a-t-il plus d'un million d'earnings ? Oui
84%
Qui a le plus d'earnings entre Tjino et Pablowingu ? Pablowingu
73%
Quel est le joueur de l'histoire à avoir le plus d'earnings ? Queasy
63%
Quel est le joueur qui a le plus d'earnings parmi les propositions ? Pollo
60%
Qui est le joueur allemand qui a le plus d'earnings ? JannisZ
40%
Qui a la plus d'earnings entre Malibuca et Merstach ? Merstach
33%
Parmi les joueurs cités, quel est le joueur avec le moins d'earnings ? Mongraal
24%
Qui est le joueur suédois avec le plus d'earnings ? Chapix
22%
Aucun quiz correspondant
Distribution des résultats
% des personnes avec chaque résultat
Percentile par nombre de réponses
Votre historique - résultats
Vous n’avez pas pris ce quiz